Kalinangan 9: (Record no. 361943)
[ view plain ]
| 000 -LEADER | |
|---|---|
| fixed length control field | 00465nam a2200145Ia 4500 |
| 008 - FIXED-LENGTH DATA ELEMENTS--GENERAL INFORMATION | |
| fixed length control field | 190710s9999 xx 000 0 und d |
| 020 ## - INTERNATIONAL STANDARD BOOK NUMBER | |
| International Standard Book Number | 9789712396175 |
| 100 ## - MAIN ENTRY--PERSONAL NAME | |
| Personal name | Amog, Maybel V. |
| 245 ## - TITLE STATEMENT | |
| Statement of responsibility, etc | Maybel V. Amog |
| Title | Kalinangan 9: |
| Remainder of title | batayan at sanayang aklat sa wika at panitikan/ |
| 250 ## - EDITION STATEMENT | |
| Edition statement | 3rd. ed. |
| 260 ## - PUBLICATION, DISTRIBUTION, ETC. (IMPRINT) | |
| Place of publication, distribution, etc | Manila: |
| Name of publisher, distributor, etc | REX Bookstore |
| Date of publication, distribution, etc | 2019 |
| 300 ## - PHYSICAL DESCRIPTION | |
| Extent | xii, 418 p. ; |
| Other physical details | ill. : |
| Dimensions | 250 cm. |
| 650 ## - SUBJECT ADDED ENTRY--TOPICAL TERM | |
| Topical term or geographic name as entry element | Filipino language -- grammar |
| 650 ## - SUBJECT ADDED ENTRY--TOPICAL TERM | |
| Topical term or geographic name as entry element | Filipino literature |
| Withdrawn status | Lost status | Damaged status | Home library | Current library | Shelving location | Date acquired | Source of acquisition | Total Checkouts | Total Renewals | Full call number | Barcode | Date last seen | Date checked out | Price effective from | Koha item type |
|---|---|---|---|---|---|---|---|---|---|---|---|---|---|---|---|
| Luxembourg Library | Luxembourg Library | Teachers Reference Section | 07/10/2019 | Library Fund | 2 | 2 | PL 6164 .Am523 2019 | 20716 | 12/11/2019 | 07/16/2019 | 07/10/2019 | Books |